ბათუმის შოთა რუსთაველის სახელმწიფო უნივერსიტეტის ბიბლიოთეკა

საკოლმეურნეო ნაგებობათა მშენებლობის მოწინავე გამოცდილება / (ბიბ.ჩანაწერი № 63388)

000 -ლიდერი
ფიქსირებული სიგრძის საკონტროლო ველი 00837nam a22001817a 4500
003 - საკონტროლო ნომრის იდენტიფიკატორი
საკონტროლო ველი Ge_BSU
005 - ბოლო ოპერაციის თარიღი და დრო
საკონტროლო ველი 20250929144432.0
008 - ფიქსირებული სიგრძის მონაცემთა ელემენტები - ზოგადი ინფორმაცია
ფიქსირებული სიგრძის საკონტროლო ველი 250929s1955 ge ||||| |||| 00| 0 geo d
041 ## - ენის კოდი
Language code of text/sound track or separate title geo
080 ## - უნივერსალური ათობითი კლასიფიკაციის ინდექსი
Universal Decimal Classification number 631.563.5 ა-53
100 ## - მთავარი ჩანაწერი - პიროვნების სახელი
Personal name ალუღიშვილი, ზ.
9 (RLIN) 25898
245 ## - ცნობა სათაურის შესახებ
Title საკოლმეურნეო ნაგებობათა მშენებლობის მოწინავე გამოცდილება /
Statement of responsibility, etc ზ. ალუღიშვილი.
264 ## - წარმოების, გამოცემის, დისტრიბუციის და სხვა ცნობები
გამოცემის, წარმოების, დისტრიბუციის... ადგილი თბილისი :
გამოცემის, წარმოების, დისტრიბუციის... სახელწოდება სახელგამი,
გამოცემის, წარმოების, დისტრიბუციის... თარიღი 1955.
300 ## - ფიზიკური აღწერა
Extent 103 გვ. :
Other physical details ილ., 1ფურც. ნახაზ. ;
Dimensions 21 სმ.
504 ## - BIBLIOGRAPHY, ETC. NOTE
Bibliography, etc ბიბლიოგრ.: გვ. 100-101.
653 ## - INDEX TERM--UNCONTROLLED
Uncontrolled term საკოლმეურნეო ნაგებობები.
942 ## - ADDED ENTRY ELEMENTS (KOHA)
Source of classification or shelving scheme
Koha item type წიგნი
ეგზემპლარები
ჩამოწერის სტატუსი დაკარგული ეგზემპლარის სტატუსი კლასიფიკაციის წყარო ან თაროზე გაწყობის სქემა დაზიანების სტატუსი არ გაიცემა მუდმივი მდებარეობა (დაცვის ადგილი) ამჟამინდელი ადგილსამყოფელი თაროზე განთავსების ადგილი შეძენის თარიღი ღირებულება, შესყიდვის ნორმალური ფასი სრული შენახვის შიფრი შტრიხკოდი ბოლო ოპერაციის თარიღი ეგზემპლარის მიმდევრობითი ნომერი (კეტერი?) ფასის ძალაში შესვლის თარიღი ეგზემპლარის სახეობა საჯარო შენიშვნა
          ბათუმის შოთა რუსთაველის სახელმწიფო უნივერსიტეტის მთავარი ბიბლიოთეკა ბათუმის შოთა რუსთაველის სახელმწიფო უნივერსიტეტის მთავარი ბიბლიოთეკა წიგნსაცავი 2025-09-29 0.30 631.563.5 ა-53 72485 2025-09-29 72485 2025-09-29 წიგნი 0.30 თ.
          ბათუმის შოთა რუსთაველის სახელმწიფო უნივერსიტეტის მთავარი ბიბლიოთეკა ბათუმის შოთა რუსთაველის სახელმწიფო უნივერსიტეტის მთავარი ბიბლიოთეკა წიგნსაცავი 2025-09-29 0.30 631.563.5 ა-53 72484 2025-09-29 72484 2025-09-29 წიგნი 0.30 თ.
          ბათუმის შოთა რუსთაველის სახელმწიფო უნივერსიტეტის მთავარი ბიბლიოთეკა ბათუმის შოთა რუსთაველის სახელმწიფო უნივერსიტეტის მთავარი ბიბლიოთეკა წიგნსაცავი 2025-10-15 0.58 631.563.5 ა-53 72699 2025-10-15 72699 2025-10-15 წიგნი 0.58 თ.